|
|
|
|
| LEADER |
00000cam a2200000 7i4500 |
| 001 |
0000028913 |
| 005 |
20241125.0 |
| 008 |
200828 pau eng |
| 020 |
|
|
|a 9781628251845
|
| 040 |
|
|
|a INS
|b eng
|e rda
|
| 090 |
0 |
0 |
|a HD69.P75
|b G845 2017
|
| 245 |
0 |
2 |
|a A guide to the project management body of knowledge
|c Project Management Institute
|
| 246 |
3 |
0 |
|a PMBOK guide
|
| 250 |
|
|
|a Sixth edition
|
| 264 |
|
1 |
|a Newtown Square, PA :
|b Project Management Institute
|c [2017]
|
| 264 |
|
4 |
|c ©2017
|
| 300 |
|
|
|a xxix, 756 pages ;
|c 28 cm.
|
| 336 |
|
|
|a text
|2 rdacontent
|
| 337 |
|
|
|a unmediated
|2 rdamedia
|
| 338 |
|
|
|a volume
|2 rdacarrier
|
| 504 |
|
|
|a Includes bibliographical references and index
|
| 520 |
|
|
|a "The PMBOK
|
| 650 |
|
0 |
|a Project management
|
| 710 |
2 |
|
|a Project Management Institute
|e publisher
|
| 999 |
|
|
|a 1000003995
|b BOOK
|c Open Shelf
|e Default branch
|